Beauty queen /

Gardado en:
Detalles Bibliográficos
Autor Principal: Holm, Hannebo
Formato: Libro
Idioma:English
Swedish
Publicado: London : Abelard-Schuman, 1961.
LEADER 00891nam a2200241 a 4500
001 c000277509
003 CARM
005 20071130145720.0
008 750416s1961 enk 000 1 eng d
019 1 |a 28108302  |z 50075018  |5 LACONCORD2021 
035 |a (OCoLC)1280571  |5 LACONCORD2021 
040 |a VCAV  |c VCAV 
041 1 |a eng  |h swe 
042 |a premarc 
100 1 |a Holm, Hannebo. 
240 1 0 |a Skjonnhetsdronning.  |l English 
245 1 0 |a Beauty queen /  |c Hannebo Holm ; translated by Patricia Crampton. 
260 |a London :  |b Abelard-Schuman,  |c 1961. 
300 |a 159 p. ;  |c 21 cm. 
500 |a Translated from the original Swedish "Skjonnhetsdronning". 
852 8 |b CARM  |h A1:AM24A0  |i A05002  |p 0456384  |f BK 
999 f f |i cf39a8a7-2707-5e7f-8e64-a1d3aba04144  |s 99edeb54-0b50-5192-837b-963c626f496f 
952 f f |p Can circulate  |a CAVAL  |b CAVAL  |c CAVAL  |d CARM 1 Store  |e A05002  |f A1:AM24A0  |h Other scheme  |i book  |m 0456384